• 首页
  • 本馆介绍
  • 公告通知
  • 最新文献
  • 馆藏检索
  • 电子资源
  • 读者导购
  • 参考咨询
  • 我的图书馆
  • 登录
  • 详细信息显示
  • 放入我的书架
  • 预约/预借图书
  • 作者相关作品
  • 分类相关作品
  • 丛书相关作品
  • 出版社相关作品

书目信息

  • 表格格式
  • 工作单格式
  • 卡片格式
题名:
天文测量简历
    
 
作者: ;中国科学院紫金山天文台 编
分册: 1986  
出版信息: 北京   科学出版社  1985
页数: 70页
开本: 26cm
丛书名:
单 册:
中图分类: P197.1 , P12
科图分类:
主题词: 天文年历--中国--1986 , 天体测量
电子资源:
ISBN:
000 00711nam0 2200253 45
001 1538367323
005 20150131104010.70
010    @dCNY1.00
091    @aCN@b13031.3021
100    @a19900904d1985 emky0chiy0121 ea
101 0  @achi
102    @aCN@b110000
105    @ay z 000yy
200 10 @a天文测量简历@Atian wen ce liang jian li@h1986@f中国科学院紫金山天文台编
210    @a北京@c科学出版社@d1985
215    @a70页@d26cm
606    @a天文年历@y中国@z1986
606 0  @a天体测量
690    @aP197.1@v3
690    @aP12@v4
711 02 @a中国科学院紫金山天文台@Azhong guo ke xue yuan zi jin shan tian wen tai@4编
801  0 @aCN@bTSSF@c20150131
801  2 @aCN@bNLC
905    @aZUCC@dP12@eJY13
    
    天文测量简历.1986/中国科学院紫金山天文台编.-北京:科学出版社,1985
    70页;26cm
    
    
    ISBN :CNY1.00
    
●
相关链接 在E读中查询图书 在五车中查询图书 在当当中查询图书 在豆瓣中查询图书


正题名:天文测量简历     索取号:P12/JY13         预约/预借

序号 登录号 条形码 馆藏地/架位号 状态 备注
1 7863259   278632598   学院路分馆/ [索取号:P12/JY13] 在馆    
2 7863260   278632605   学院路分馆/ [索取号:P12/JY13] 在馆    
唐山师范学院图书馆 欢迎您!
大连网信软件有限公司© 版权所有